Imperial Ranks - Statistics

General Stats
  • This quiz has been taken 24 times
  • The average score is 9 of 19
Answer Stats
Hint Answer % Correct
C-4 General
100%
O-3 Captain
75%
E-4 Sergeant
75%
O-4 Major
69%
E-2 Private
69%
O-6 Colonel
63%
E-3 Corporal
56%
O-2 First Lieutenant
50%
O-5 Lieutenant Colonel
50%
C-3 Lieutenant General
50%
C-2 Major General
50%
O-1 Second Lieutenant
50%
C-1 Brigadier General
44%
HC-2 Grand General
31%
E-1 Recruit
31%
E-5 Master Sergeant
25%
E-6 Command Sergeant
6%
HC-3 Lord General
6%
C-5 Command General
0%
No matching quizzes found
Score Distribution
Percent of People with Each Score
Percentile by Number Answered
Your Score History
You have not taken this quiz